[Event "DVM U10 2016"]
[Site "Magdeburg GER"]
[Date "2016.12.29"]
[Round "7"]
[White "Richter, Nicholas"]
[Black "Hörhager-Celjo, Dino"]
[Result "1-0"]
[Termination "normal"]
[Board "11.2"]
[WhiteElo "1149"]
[BlackElo "861"]
[WhiteTeam "SV Dresden-Striesen"]
[BlackTeam "Düsseldorfer SV"]
[PlyCount "53"]
[WhiteFideId "16244834"]
[BlackFideId "16253035"]
[EventCountry "GER"]
[EventRounds "7"]
[EventType "team-swiss"]
[EventDate "2016.12.27"]

1. d4 d5 2. c4 e6 3. Nc3 Nf6 4. Nf3 Bd6 5. Bg5 b6 6. e3 c5 7. Qc2 Be7 8. O-O-O
Nc6 9. a3 O-O 10. cxd5 exd5 11. Bd3 c4 12. Bf5 g6 13. Bxc8 Qxc8 14. Bh6 Re8 15.
h3 Qb8 16. Bg5 b5 17. Bxf6 Bxf6 18. Nxd5 Bg7 19. Qc3 a5 20. Kd2 Bh6 21. Nf6+
Kf8 22. Nd7+ Kg8 23. Nxb8 Raxb8 24. Rhe1 Rbd8 25. Ke2 Bg7 26. Kf1 Ne7 27. Qxa5
1-0

[Event "DVM U10 2016"]
[Site "Magdeburg GER"]
[Date "2016.12.29"]
[Round "7"]
[White "Schachner-Blume, Leander"]
[Black "Klose, Christopher"]
[Result "0-1"]
[Termination "normal"]
[Board "11.3"]
[WhiteElo "843"]
[BlackElo "938"]
[WhiteTeam "Düsseldorfer SV"]
[BlackTeam "SV Dresden-Striesen"]
[PlyCount "104"]
[EventCountry "GER"]
[EventRounds "7"]
[EventType "team-swiss"]
[EventDate "2016.12.27"]

1. e4 e5 2. Nf3 Bc5 3. Bc4 Nc6 4. c3 d6 5. d4 exd4 6. cxd4 Bb4+ 7. Bd2 Nf6 8.
Nc3 O-O 9. h3 Na5 10. Bd3 Be6 11. d5 Bd7 12. O-O c6 13. Qc2 Qe7 14. Rfe1 Bc5
15. Be3 Bxe3 16. Rxe3 Rfe8 17. Rae1 b6 18. e5 dxe5 19. Nxe5 Qd6 20. Ne4 Bf5 21.
Nxf6+ Qxf6 22. Bxf5 g6 23. Bg4 cxd5 24. Nd7 Qd6 25. Rxe8+ Rxe8 26. Rxe8+ Kg7
27. Qc3+ d4 28. Qc8 f5 29. Bxf5 gxf5 30. Rg8+ Kh6 31. Qf8+ Qxf8 32. Rxf8 d3 33.
Kf1 Nc4 34. Ne5 Nxe5 35. Ke1 Kg7 36. Rd8 Nc6 37. Rxd3 Nb4 38. Rd7+ Kg6 39. f4
a5 40. Rb7 Nd3+ 41. Kd1 Nxf4 42. Rxb6+ Kg5 43. Rc6 Nd3 44. Rd6 Nf4 45. Rd2 h6
46. Rf2 h5 47. g3 Nxh3 48. Rh2 Kg4 49. Ke2 Kxg3 50. Rh1 Kg2 51. Rf1 f4 52. Rf3
Ng1+ 0-1

[Event "DVM U10 2016"]
[Site "Magdeburg GER"]
[Date "2016.12.29"]
[Round "7"]
[White "Ihle, Jonte"]
[Black "Langer, Paul Georg"]
[Result "0-1"]
[Termination "normal"]
[Board "12.1"]
[WhiteElo "1133"]
[BlackElo "1246"]
[WhiteTeam "SG Niederkassel"]
[BlackTeam "SG Blau-Weiß Stadtilm"]
[PlyCount "106"]
[BlackFideId "16230051"]
[EventCountry "GER"]
[EventRounds "7"]
[EventType "team-swiss"]
[EventDate "2016.12.27"]

1. e4 e5 2. Nf3 Nc6 3. Bc4 Bc5 4. Nc3 Nf6 5. d3 h6 6. a3 d6 7. h3 Be6 8. Bxe6
fxe6 9. Be3 Bb6 10. Qd2 Qd7 11. O-O O-O 12. Bxb6 axb6 13. Rfe1 Qf7 14. Ne2 Rfe8
15. Ng3 Nh5 16. Nxh5 Qxh5 17. Qe2 Ne7 18. Nh2 Qxe2 19. Rxe2 Ng6 20. g3 Rac8 21.
Kg2 b5 22. c3 c5 23. Ree1 c4 24. dxc4 bxc4 25. Red1 Rcd8 26. Nf3 d5 27. exd5
exd5 28. Re1 Rf8 29. Rad1 Kf7 30. Rd2 Rd7 31. Red1 Rfd8 32. Re1 Kf6 33. Rde2
Re7 34. Rd2 Kf5 35. Kh2 e4 36. Nd4+ Kg5 37. Rde2 Rde8 38. f3 exf3 39. Rxe7 Rxe7
40. Nxf3+ Kf6 41. Rxe7 Nxe7 42. g4 Ng6 43. Kg3 Ne5 44. Ne1 Nc6 45. Kf4 g5+ 46.
Ke3 b6 47. Nc2 Ke5 48. Nd4 Nxd4 49. cxd4+ Kd6 50. Kd2 Kc6 51. Kc3 Kb5 52. b3
cxb3 53. Kxb3 Ka5 0-1

[Event "DVM U10 2016"]
[Site "Magdeburg GER"]
[Date "2016.12.29"]
[Round "7"]
[White "Rapp, Leonard"]
[Black "Hartmann, Simon"]
[Result "1-0"]
[Termination "normal"]
[Board "12.2"]
[WhiteElo "1479"]
[BlackElo "792"]
[WhiteTeam "SG Blau-Weiß Stadtilm"]
[BlackTeam "SG Niederkassel"]
[PlyCount "65"]
[WhiteFideId "16212428"]
[EventCountry "GER"]
[EventRounds "7"]
[EventType "team-swiss"]
[EventDate "2016.12.27"]

1. e4 e5 2. Nf3 Nc6 3. d4 f5 4. Nc3 fxe4 5. Nxe4 d6 6. dxe5 dxe5 7. Qxd8+ Nxd8
8. Nxe5 Bd6 9. Nf3 Bf5 10. Bd3 Ne6 11. Nxd6+ cxd6 12. Bxf5 Nc5 13. Be3 Ne7 14.
Bxc5 dxc5 15. Bd3 O-O 16. Bc4+ Kh8 17. O-O-O Rad8 18. Rxd8 Rxd8 19. Rd1 Rxd1+
20. Kxd1 a6 21. Kd2 b5 22. Be6 h6 23. Kc3 Kh7 24. Ne5 Ng6 25. Nxg6 Kxg6 26. Bc8
a5 27. Ba6 b4+ 28. Kc4 Kf5 29. Kxc5 a4 30. Bb5 a3 31. bxa3 bxa3 32. Kd5 Kf4 33.
Kd4 1-0

[Event "DVM U10 2016"]
[Site "Magdeburg GER"]
[Date "2016.12.29"]
[Round "7"]
[White "Eschweiler, Mattes"]
[Black "Staude, Quentin"]
[Result "1-0"]
[Termination "normal"]
[Board "12.3"]
[WhiteElo "889"]
[BlackElo "957"]
[WhiteTeam "SG Niederkassel"]
[BlackTeam "SG Blau-Weiß Stadtilm"]
[PlyCount "71"]
[EventCountry "GER"]
[EventRounds "7"]
[EventType "team-swiss"]
[EventDate "2016.12.27"]

1. d4 d5 2. Bf4 Bf5 3. e3 a6 4. c4 dxc4 5. Bxc4 Nf6 6. Nf3 e6 7. Nc3 Bd6 8.
Bxd6 cxd6 9. O-O Qc7 10. Bd3 Nc6 11. Bxf5 exf5 12. Qc2 O-O 13. Rfe1 Rfe8 14.
Qd3 Nb4 15. Qxf5 a5 16. a3 Nc6 17. h3 Ne7 18. Qd3 Rac8 19. Rac1 Qb6 20. Re2
Ned5 21. Rec2 Qa6 22. Qd2 Nxc3 23. Rxc3 Rcd8 24. Qc2 Qa8 25. Ng5 h6 26. Nf3 Rc8
27. Rxc8 Qxc8 28. Qxc8 Rxc8 29. Rxc8+ Kh7 30. Ra8 b6 31. Rb8 Nd7 32. Rb7 Nf6
33. Rxb6 d5 34. b4 axb4 35. a4 Nd7 36. Rxb4 1-0

[Event "DVM U10 2016"]
[Site "Magdeburg GER"]
[Date "2016.12.29"]
[Round "7"]
[White "Witt, Niclas"]
[Black "Eschweiler, Charlotte"]
[Result "0-1"]
[Termination "normal"]
[Board "12.4"]
[WhiteElo "735"]
[BlackElo "767"]
[WhiteTeam "SG Blau-Weiß Stadtilm"]
[BlackTeam "SG Niederkassel"]
[PlyCount "30"]
[EventCountry "GER"]
[EventRounds "7"]
[EventType "team-swiss"]
[EventDate "2016.12.27"]

1. e4 e5 2. Nf3 Nc6 3. Nc3 Bb4 4. Bc4 Nf6 5. a3 Bc5 6. d3 d6 7. Be3 Bxe3 8.
fxe3 Bg4 9. d4 O-O 10. Qe2 Re8 11. Ng5 Bxe2 12. Bxe2 Rc8 13. Bc4 Kf8 14. O-O-O
Ng4 15. dxe5 Nf2 0-1

[Event "DVM U10 2016"]
[Site "Magdeburg GER"]
[Date "2016.12.29"]
[Round "7"]
[White "Schulemann, Gero"]
[Black "Schulz, Rafael"]
[Result "1-0"]
[Termination "normal"]
[Board "13.1"]
[WhiteElo "1605"]
[BlackElo "1084"]
[WhiteTeam "USV Halle"]
[BlackTeam "USV TU Dresden"]
[PlyCount "105"]
[WhiteFideId "16227646"]
[EventCountry "GER"]
[EventRounds "7"]
[EventType "team-swiss"]
[EventDate "2016.12.27"]

1. e4 e5 2. Nf3 Nc6 3. Bc4 Bc5 4. c3 Nf6 5. d3 d6 6. Nbd2 b6 7. Nb3 Be6 8. Nxc5
bxc5 9. Bb5 Bd7 10. Ba4 Qe7 11. O-O O-O 12. Bg5 Rab8 13. Qc2 Bg4 14. Bxc6 Bxf3
15. gxf3 Qe6 16. Bxf6 Qxf6 17. Qd2 Qxf3 18. Qe3 Qg4+ 19. Qg3 Qxg3+ 20. hxg3
Rxb2 21. c4 Rd2 22. Rfd1 Rb2 23. Ba4 Rb4 24. Bb5 Ra8 25. Kg2 a6 26. Bc6 Rab8
27. a3 Rb2 28. Kf3 f6 29. Ke3 R8b6 30. Bd5+ Kf8 31. Be6 Rc2 32. Rd2 Rc3 33.
Rdd1 Rbb3 34. a4 Ke7 35. Bf5 g6 36. Bg4 h5 37. Be2 Rc2 38. Rdb1 Rcb2 39. Rxb2
Rxb2 40. Bd1 Kf7 41. f4 exf4+ 42. gxf4 h4 43. Be2 g5 44. Bh5+ Kg7 45. Rg1 Kh6
46. Bg4 Rb4 47. fxg5+ fxg5 48. Bd1 Rb1 49. Kf3 Kh5 50. Kg2+ Kg6 51. Kh3 Rc1 52.
Bh5+ Kxh5 53. Rxc1 1-0

[Event "DVM U10 2016"]
[Site "Magdeburg GER"]
[Date "2016.12.29"]
[Round "7"]
[White "Kempe, Caius Emilian"]
[Black "Natebus, Wenzel"]
[Result "1-0"]
[Termination "normal"]
[Board "13.2"]
[WhiteElo "1095"]
[BlackElo "955"]
[WhiteTeam "USV TU Dresden"]
[BlackTeam "USV Halle"]
[PlyCount "63"]
[WhiteFideId "16246861"]
[BlackFideId "34600787"]
[EventCountry "GER"]
[EventRounds "7"]
[EventType "team-swiss"]
[EventDate "2016.12.27"]

1. c4 e5 2. Nc3 Nc6 3. g3 Nf6 4. Bg2 Bb4 5. a3 Bxc3 6. bxc3 d6 7. d3 Bg4 8. Nf3
Qd7 9. O-O Bh3 10. Bg5 h6 11. Bxf6 gxf6 12. Qb3 O-O-O 13. Rfb1 Na5 14. Qb5 Qxb5
15. cxb5 Bd7 16. c4 Bf5 17. Nd2 Rhg8 18. Nb3 Nxb3 19. Rxb3 Rg5 20. Kh1 Bg4 21.
Rb2 Rh5 22. h4 f5 23. f3 Bxf3 24. Bxf3 f4 25. Bxh5 fxg3 26. Rg1 Rg8 27. Kg2 f5
28. Kh3 f4 29. a4 g2 30. Rxg2 Rxg2 31. Kxg2 b6 32. Kf3 1-0

[Event "DVM U10 2016"]
[Site "Magdeburg GER"]
[Date "2016.12.29"]
[Round "7"]
[White "Sultanaliev, Akbar"]
[Black "Eichner, Tim"]
[Result "0-1"]
[Termination "normal"]
[Board "13.3"]
[WhiteElo "777"]
[BlackElo "818"]
[WhiteTeam "USV Halle"]
[BlackTeam "USV TU Dresden"]
[PlyCount "42"]
[BlackFideId "34617213"]
[EventCountry "GER"]
[EventRounds "7"]
[EventType "team-swiss"]
[EventDate "2016.12.27"]

1. e4 e5 2. Nf3 Nc6 3. Bc4 Bc5 4. d3 Nf6 5. Ng5 O-O 6. O-O d6 7. Nc3 h6 8. Nf3
Bg4 9. h3 Bh5 10. Bd5 Nxd5 11. exd5 Nd4 12. g4 Bg6 13. a3 Nxf3+ 14. Qxf3 Qd7
15. b4 Bd4 16. Bb2 Qe7 17. Rab1 f5 18. gxf5 Rxf5 19. Qe2 Qh4 20. Nb5 Qxh3 21.
Bxd4 Rg5+ 0-1

[Event "DVM U10 2016"]
[Site "Magdeburg GER"]
[Date "2016.12.29"]
[Round "7"]
[White "Kovalchuk, Alexander"]
[Black "Pfumfel, Janne"]
[Result "1-0"]
[Termination "normal"]
[Board "13.4"]
[WhiteElo "787"]
[BlackElo "824"]
[WhiteTeam "USV TU Dresden"]
[BlackTeam "USV Halle"]
[PlyCount "35"]
[WhiteFideId "16247809"]
[EventCountry "GER"]
[EventRounds "7"]
[EventType "team-swiss"]
[EventDate "2016.12.27"]

1. e4 e5 2. Nf3 Nc6 3. Bc4 Bc5 4. d3 d6 5. Be3 Bxe3 6. fxe3 Bg4 7. h3 Bxf3 8.
Qxf3 Qh4+ 9. g3 Qh6 10. Bxf7+ Kd8 11. Nc3 Nb4 12. O-O-O Qg5 13. Be6 Nh6 14. a3
Nc6 15. Rhf1 g6 16. Nd5 b6 17. Qf8+ Rxf8 18. Rxf8# 1-0

[Event "DVM U10 2016"]
[Site "Magdeburg GER"]
[Date "2016.12.29"]
[Round "7"]
[White "Schmidt, Dirk"]
[Black "Zöllner, Bente"]
[Result "0-1"]
[Termination "normal"]
[Board "14.1"]
[WhiteElo "1030"]
[BlackElo "1402"]
[WhiteTeam "SV Empor Erfurt"]
[BlackTeam "Stader SV 1"]
[PlyCount "44"]
[WhiteFideId "16220544"]
[BlackFideId "16230523"]
[EventCountry "GER"]
[EventRounds "7"]
[EventType "team-swiss"]
[EventDate "2016.12.27"]

1. e4 c5 2. Nf3 Nc6 3. d4 cxd4 4. Nxd4 Nf6 5. Nc3 g6 6. Nf3 Bg7 7. Bc4 O-O 8.
Bf4 d6 9. O-O Bd7 10. Re1 Rc8 11. e5 Nxe5 12. Nxe5 dxe5 13. Bxf7+ Rxf7 14. Bxe5
Ng4 15. Bxg7 Kxg7 16. Qd4+ Kg8 17. Qxa7 Qc7 18. g3 b6 19. Qa6 Rxf2 20. Re2 Rxe2
21. Nxe2 Qc5+ 22. Kf1 Qf2# 0-1

[Event "DVM U10 2016"]
[Site "Magdeburg GER"]
[Date "2016.12.29"]
[Round "7"]
[White "Fuchs, Thomas"]
[Black "Mantu, Valentin"]
[Result "1-0"]
[Termination "normal"]
[Board "14.2"]
[WhiteElo "1260"]
[BlackElo "961"]
[WhiteTeam "Stader SV 1"]
[BlackTeam "SV Empor Erfurt"]
[PlyCount "75"]
[WhiteFideId "16230574"]
[BlackFideId "16278054"]
[EventCountry "GER"]
[EventRounds "7"]
[EventType "team-swiss"]
[EventDate "2016.12.27"]

1. d4 g6 2. e4 Bg7 3. Nf3 c5 4. dxc5 Nc6 5. Bc4 d6 6. cxd6 Qxd6 7. Qxd6 exd6 8.
Ng5 Nh6 9. O-O O-O 10. Nc3 Ng4 11. Bf4 Nge5 12. Bxe5 Nxe5 13. Bb3 h6 14. Nf3
Nxf3+ 15. gxf3 Bh3 16. Rfd1 Rad8 17. Rd2 a6 18. f4 b5 19. Rad1 b4 20. Nd5 a5
21. Ne7+ Kh8 22. Rxd6 Rde8 23. Nc6 Rxe4 24. Nxa5 Bxb2 25. Nc4 Bc3 26. R6d3 Bg4
27. Nd6 Re6 28. Bxe6 fxe6 29. f3 Bf5 30. Nxf5 exf5 31. Rd8 Rxd8 32. Rxd8+ Kh7
33. Kf2 Kg7 34. Ke3 Kf7 35. Rd6 Kg7 36. Kd3 Kf7 37. Kc4 Ke7 38. Rxg6 1-0

[Event "DVM U10 2016"]
[Site "Magdeburg GER"]
[Date "2016.12.29"]
[Round "7"]
[White "Weiß, Oskar"]
[Black "Hinz, Paolo"]
[Result "1/2-1/2"]
[Termination "normal"]
[Board "14.3"]
[WhiteElo "934"]
[BlackElo "1157"]
[WhiteTeam "SV Empor Erfurt"]
[BlackTeam "Stader SV 1"]
[PlyCount "78"]
[WhiteFideId "16220552"]
[BlackFideId "16230540"]
[EventCountry "GER"]
[EventRounds "7"]
[EventType "team-swiss"]
[EventDate "2016.12.27"]

1. e4 c6 2. d4 d5 3. exd5 cxd5 4. Nc3 Nf6 5. Bf4 Nc6 6. Nf3 Bg4 7. h3 Bh5 8.
Nb5 Rc8 9. g4 Bg6 10. Qd2 a6 11. Nc3 e6 12. Bd3 Bd6 13. Bxd6 Qxd6 14. Bxg6 fxg6
15. O-O-O O-O 16. Rde1 Rfe8 17. Ne5 Qc7 18. Nxc6 bxc6 19. g5 Nh5 20. Re2 e5 21.
dxe5 Rxe5 22. Rxe5 Qxe5 23. Qe2 Qxg5+ 24. Kb1 Rb8 25. Qe6+ Kh8 26. Qxc6 Qe5 27.
Rd1 Nf6 28. Na4 Rd8 29. b3 d4 30. Qxa6 Qe4 31. Qd3 Qxd3 32. Rxd3 Ne4 33. b4
Nxf2 34. Rf3 Ne4 35. b5 h6 36. b6 Rd5 37. Rf8+ Kh7 38. b7 Rb5+ 39. Kc1 Rxb7
1/2-1/2

[Event "DVM U10 2016"]
[Site "Magdeburg GER"]
[Date "2016.12.29"]
[Round "7"]
[White "Jafarzadeh, Aria"]
[Black "Rüttinger, Max"]
[Result "1-0"]
[Termination "normal"]
[Board "14.4"]
[WhiteElo "932"]
[BlackElo "962"]
[WhiteTeam "Stader SV 1"]
[BlackTeam "SV Empor Erfurt"]
[PlyCount "63"]
[BlackFideId "16278097"]
[EventCountry "GER"]
[EventRounds "7"]
[EventType "team-swiss"]
[EventDate "2016.12.27"]

1. d4 d5 2. c4 c6 3. Nc3 Nf6 4. Nf3 Bg4 5. e3 e6 6. Be2 c5 7. O-O cxd4 8. Qxd4
Nc6 9. Qd2 Bb4 10. Qd1 Bxc3 11. bxc3 Ne4 12. Bb2 Qf6 13. cxd5 exd5 14. Qxd5 Qg6
15. Ne5 Nxe5 16. Qxe5+ Be6 17. Bb5+ Kf8 18. Ba3+ Kg8 19. Rfd1 Bh3 20. g3 Qg4
21. Rd4 Qf3 22. Qxe4 Qxe4 23. Rxe4 h6 24. Re8+ Rxe8 25. Bxe8 Kh7 26. Bxf7 Rd8
27. Bb3 Rd2 28. Rb1 Kg6 29. Rd1 Re2 30. Bc4 Rc2 31. Bd3+ Kg5 32. Bxc2 1-0

[Event "DVM U10 2016"]
[Site "Magdeburg GER"]
[Date "2016.12.29"]
[Round "7"]
[White "Miranda Martin, Pablo Mateo"]
[Black "Costa, Leonardo"]
[Result "0-1"]
[Termination "normal"]
[Board "15.1"]
[WhiteElo "1001"]
[BlackElo "1620"]
[WhiteTeam "SV 1947 Walldorf"]
[BlackTeam "SK München Südost"]
[PlyCount "84"]
[BlackFideId "16213955"]
[EventCountry "GER"]
[EventRounds "7"]
[EventType "team-swiss"]
[EventDate "2016.12.27"]

1. e4 e5 2. Nf3 Nc6 3. Bb5 a6 4. Ba4 Nf6 5. O-O Be7 6. Re1 b5 7. Bb3 O-O 8. c3
d5 9. Bc2 Bg4 10. h3 Bh5 11. exd5 Qxd5 12. d3 Bxf3 13. Qxf3 Qxf3 14. gxf3 Rad8
15. Be3 Nd5 16. Nd2 Kh8 17. Ne4 Rfe8 18. Rad1 h6 19. d4 f5 20. Nc5 f4 21. Bc1
exd4 22. cxd4 Ndb4 23. Bb3 Nxd4 24. Ne6 Nxf3+ 25. Kg2 Nxe1+ 26. Rxe1 Rc8 27.
Nxf4 Bg5 28. Rxe8+ Rxe8 29. Be3 c6 30. a3 Bxf4 31. Bxf4 Nd3 32. Bg3 Nxb2 33. h4
Nc4 34. a4 Rd8 35. axb5 cxb5 36. Bc7 Rd4 37. Bg3 a5 38. Kh2 b4 39. Bxc4 Rxc4
40. Be5 Rxh4+ 41. Kg3 Re4 42. f4 Rxe5 0-1

[Event "DVM U10 2016"]
[Site "Magdeburg GER"]
[Date "2016.12.29"]
[Round "7"]
[White "Glok, David"]
[Black "Kögel, Fabio"]
[Result "1-0"]
[Termination "normal"]
[Board "15.2"]
[WhiteElo "1136"]
[BlackElo "989"]
[WhiteTeam "SK München Südost"]
[BlackTeam "SV 1947 Walldorf"]
[PlyCount "59"]
[WhiteFideId "16226224"]
[EventCountry "GER"]
[EventRounds "7"]
[EventType "team-swiss"]
[EventDate "2016.12.27"]

1. e4 e5 2. Nf3 Nc6 3. d4 Nf6 4. Nc3 exd4 5. Nxd4 Bc5 6. Be3 O-O 7. Bc4 Qe7 8.
Nf5 Qe5 9. f4 Qe8 10. Bxc5 d6 11. Be3 Bxf5 12. Qf3 Bxe4 13. Nxe4 Nxe4 14. Bd3
Nc5 15. O-O Nxd3 16. cxd3 Qe6 17. f5 Qe5 18. Rfe1 Qxb2 19. Qg3 Ne7 20. Rab1
Qxa2 21. f6 Ng6 22. fxg7 Kxg7 23. Qg4 Qe6 24. Bh6+ Kxh6 25. Rxe6 fxe6 26. Qxe6
b6 27. Qd7 Rfc8 28. Rf1 a5 29. Rf7 Nh4 30. Rxh7+ 1-0

[Event "DVM U10 2016"]
[Site "Magdeburg GER"]
[Date "2016.12.29"]
[Round "7"]
[White "Gan, Lukas Wentao"]
[Black "Neidhold, Moritz"]
[Result "0-1"]
[Termination "normal"]
[Board "15.3"]
[WhiteElo "960"]
[BlackElo "1047"]
[WhiteTeam "SV 1947 Walldorf"]
[BlackTeam "SK München Südost"]
[PlyCount "66"]
[EventCountry "GER"]
[EventRounds "7"]
[EventType "team-swiss"]
[EventDate "2016.12.27"]

1. e4 c5 2. Nf3 g6 3. Bc4 Nc6 4. d3 Bg7 5. Nc3 Nf6 6. Be3 b6 7. Qd2 O-O 8. O-O
Bb7 9. Rad1 Qc7 10. Rfe1 e6 11. a3 Ne7 12. Bf4 Qd8 13. b4 Re8 14. Bd6 Nc8 15.
Bf4 d5 16. exd5 exd5 17. Rxe8+ Qxe8 18. Nxd5 Bxd5 19. Bxd5 Nxd5 20. Re1 Nce7
21. Qc1 Nxf4 22. Qxf4 Rd8 23. Qg5 Rd7 24. bxc5 bxc5 25. Qxc5 Qd8 26. Ne5 Bxe5
27. Rxe5 a6 28. h3 Rc7 29. Qe3 f6 30. Rc5 Rb7 31. Qc1 Kf7 32. Qe1 Qb8 33. Qe3
Rb1+ 0-1

[Event "DVM U10 2016"]
[Site "Magdeburg GER"]
[Date "2016.12.29"]
[Round "7"]
[White "Oehring, Claus-Ferdinand"]
[Black "Lautenbach, Ferdinand"]
[Result "1-0"]
[Termination "normal"]
[Board "15.4"]
[WhiteElo "923"]
[BlackElo "852"]
[WhiteTeam "SK München Südost"]
[BlackTeam "SV 1947 Walldorf"]
[PlyCount "41"]
[EventCountry "GER"]
[EventRounds "7"]
[EventType "team-swiss"]
[EventDate "2016.12.27"]

1. e4 e5 2. Nf3 Nc6 3. Bc4 Nf6 4. Nc3 Bc5 5. d3 d6 6. Bg5 Qe7 7. Nd5 Nxd5 8.
Bxe7 Ndxe7 9. O-O Be6 10. Bxe6 fxe6 11. Qd2 O-O-O 12. Qg5 d5 13. exd5 exd5 14.
Nxe5 Nxe5 15. Qxe5 Ng6 16. Qxg7 Rhg8 17. Qf6 Rdf8 18. Qe6+ Kb8 19. Rfe1 c6 20.
Qd7 a6 21. d4 {nicht mehr nachvollziehbar} 1-0

[Event "DVM U10 2016"]
[Site "Magdeburg GER"]
[Date "2016.12.29"]
[Round "7"]
[White "Müller, Helene"]
[Black "Kocharin, Timur"]
[Result "0-1"]
[Termination "normal"]
[Board "16.1"]
[WhiteElo "1182"]
[BlackElo "1037"]
[WhiteTeam "TSV Kitzscher"]
[BlackTeam "SK Bebenhausen"]
[PlyCount "64"]
[WhiteFideId "16240456"]
[BlackFideId "16240936"]
[EventCountry "GER"]
[EventRounds "7"]
[EventType "team-swiss"]
[EventDate "2016.12.27"]

1. e4 c5 2. Nf3 e6 3. d4 cxd4 4. Nxd4 Bc5 5. Be3 Qb6 6. Nc3 Nc6 7. Na4 Qa5+ 8.
c3 Bxd4 9. Bxd4 Nxd4 10. Qxd4 Nf6 11. Qd1 d6 12. b4 Qc7 13. Bd3 a6 14. Qb3 d5
15. exd5 Nxd5 16. O-O O-O 17. Rfe1 Nf4 18. Be4 f5 19. Bf3 Bd7 20. Rad1 Bxa4 21.
Qxa4 Qxc3 22. Re3 Qc7 23. g3 Nh3+ 24. Kh1 Nxf2+ 25. Kg2 Nxd1 26. Bxd1 Qb6 27.
Kf2 f4 28. gxf4 e5 29. Ke2 exf4 30. Rh3 Qe6+ 31. Re3 Qxe3+ 32. Kf1 Rae8 0-1

[Event "DVM U10 2016"]
[Site "Magdeburg GER"]
[Date "2016.12.29"]
[Round "7"]
[White "Weide, Julian"]
[Black "Hick, Richard"]
[Result "1-0"]
[Termination "normal"]
[Board "16.2"]
[WhiteElo "984"]
[BlackElo "1009"]
[WhiteTeam "SK Bebenhausen"]
[BlackTeam "TSV Kitzscher"]
[PlyCount "63"]
[WhiteFideId "16275209"]
[BlackFideId "16269403"]
[EventCountry "GER"]
[EventRounds "7"]
[EventType "team-swiss"]
[EventDate "2016.12.27"]

1. c4 e5 2. Nc3 Nc6 3. g3 Nf6 4. d3 d5 5. Bg2 Be6 6. Bg5 Bb4 7. a3 Bxc3+ 8.
bxc3 O-O 9. Nf3 dxc4 10. O-O cxd3 11. exd3 Bf5 12. h3 Qxd3 13. Bxf6 Qxd1 14.
Raxd1 gxf6 15. Nh4 Bg6 16. f4 Kh8 17. f5 Bxf5 18. Rxf5 Rg8 19. g4 Ne7 20. Rxf6
Ng6 21. Nxg6+ fxg6 22. Rd7 Rgd8 23. Rxc7 Rg8 24. Rff7 Rgd8 25. c4 Rd1+ 26. Kh2
Rd3 27. Bd5 Rd2+ 28. Kg3 Rd3+ 29. Kh4 g5+ 30. Kxg5 Rg8+ 31. Kh4 Rxd5 32. Rxh7#
1-0

[Event "DVM U10 2016"]
[Site "Magdeburg GER"]
[Date "2016.12.29"]
[Round "7"]
[White "Ottlik, Marie"]
[Black "Heller, Fabian Nicolas"]
[Result "0-1"]
[Termination "normal"]
[Board "16.3"]
[WhiteElo "909"]
[BlackElo "756"]
[WhiteTeam "TSV Kitzscher"]
[BlackTeam "SK Bebenhausen"]
[PlyCount "58"]
[WhiteFideId "16281730"]
[EventCountry "GER"]
[EventRounds "7"]
[EventType "team-swiss"]
[EventDate "2016.12.27"]

1. e4 c5 2. Nf3 Nc6 3. Bc4 g6 4. Nc3 Bg7 5. d3 d6 6. h3 Nf6 7. Be3 O-O 8. O-O
Bd7 9. Qd2 Re8 10. Bh6 e6 11. Bxg7 Kxg7 12. Rad1 Rh8 13. Rfe1 Qc8 14. e5 dxe5
15. Nxe5 Nxe5 16. Rxe5 Qc7 17. Ree1 b6 18. d4 Bc8 19. Nb5 Qc6 20. Nc3 Bb7 21.
d5 exd5 22. Nxd5 Rad8 23. Re5 Rhe8 24. Rxe8 Rxe8 25. Qg5 Rd8 26. Qe5 b5 27. Bb3
c4 28. Qxf6+ Qxf6 29. Nxf6 Rxd1+ 0-1

[Event "DVM U10 2016"]
[Site "Magdeburg GER"]
[Date "2016.12.29"]
[Round "7"]
[White "Rau, Levi Niklas"]
[Black "Hellriegel, Moritz"]
[Result "1-0"]
[Termination "normal"]
[Board "16.4"]
[WhiteElo "834"]
[BlackElo "776"]
[WhiteTeam "SK Bebenhausen"]
[BlackTeam "TSV Kitzscher"]
[PlyCount "57"]
[BlackFideId "16269411"]
[EventCountry "GER"]
[EventRounds "7"]
[EventType "team-swiss"]
[EventDate "2016.12.27"]

1. c4 e5 2. Nc3 Bc5 3. g3 d6 4. Bg2 Nf6 5. d3 Bg4 6. Nf3 Bh5 7. Rb1 Ng4 8. d4
Bb4 9. a3 Ba5 10. b4 Bb6 11. c5 dxc5 12. dxc5 Nd7 13. cxb6 axb6 14. Bg5 f6 15.
Bc1 O-O 16. Qb3+ Bf7 17. Qc2 Rxa3 18. Bxa3 Nb8 19. b5 Re8 20. O-O Bg6 21. Qb3+
Bf7 22. Qa4 Nh6 23. Rbd1 Qc8 24. Nd5 Re6 25. Ne7+ Rxe7 26. Bxe7 Nf5 27. Rd8+
Qxd8 28. Bxd8 h6 29. Bxc7 1-0

[Event "DVM U10 2016"]
[Site "Magdeburg GER"]
[Date "2016.12.29"]
[Round "7"]
[White "Müller, Linus"]
[Black "Niemann, Leon"]
[Result "0-1"]
[Termination "normal"]
[Board "17.1"]
[WhiteElo "1156"]
[BlackElo "1423"]
[WhiteTeam "Hamburger SK 2"]
[BlackTeam "Hannover 96"]
[PlyCount "78"]
[WhiteFideId "16245946"]
[BlackFideId "16218388"]
[EventCountry "GER"]
[EventRounds "7"]
[EventType "team-swiss"]
[EventDate "2016.12.27"]

1. e4 c5 2. Nf3 Nc6 3. d4 cxd4 4. Nxd4 g6 5. c4 Bg7 6. Be3 Nf6 7. Nc3 O-O 8.
Be2 e6 9. Qd2 d5 10. cxd5 exd5 11. Bg5 Nxd4 12. Qxd4 Nxe4 13. Qxg7+ Kxg7 14.
Bxd8 Rxd8 15. Nb5 Nf6 16. O-O a6 17. Nc3 b5 18. Rad1 Bb7 19. Bf3 Ne4 20. Nxd5
Rxd5 21. Bxe4 Rxd1 22. Bxb7 Rxf1+ 23. Kxf1 Ra7 24. Bc6 f5 25. Ke2 Kf6 26. Kf3
Ke5 27. Kg3 Rc7 28. Be8 Rc2 29. Bf7 Rxb2 30. Bg8 h6 31. Bf7 g5 32. h3 a5 33. f3
a4 34. Kh2 b4 35. Kg1 b3 36. axb3 axb3 37. Kh2 Rb1 38. Bc4 b2 39. Kg3 Rc1 0-1

[Event "DVM U10 2016"]
[Site "Magdeburg GER"]
[Date "2016.12.29"]
[Round "7"]
[White "Janovskij, Konstantin"]
[Black "Dorendorf, Mika"]
[Result "1/2-1/2"]
[Termination "normal"]
[Board "17.2"]
[WhiteElo "1361"]
[BlackElo "906"]
[WhiteTeam "Hannover 96"]
[BlackTeam "Hamburger SK 2"]
[PlyCount "51"]
[WhiteFideId "16225252"]
[BlackFideId "16283066"]
[EventCountry "GER"]
[EventRounds "7"]
[EventType "team-swiss"]
[EventDate "2016.12.27"]

1. e4 c5 2. Nc3 Nc6 3. g3 d6 4. Bg2 Be6 5. d3 Nf6 6. f4 Bg4 7. Bf3 Qd7 8. f5
Bxf3 9. Nxf3 d5 10. Bf4 e6 11. Qd2 Bd6 12. Bxd6 Qxd6 13. O-O-O e5 14. Rhe1 d4
15. Ne2 Ng4 16. Qg5 Ne3 17. Qxg7 O-O-O 18. Rd2 f6 19. Qf7 Rdf8 20. Qb3 Na5 21.
Qa4 b6 22. Kb1 c4 23. dxc4 Naxc4 24. Rd3 Qb8 25. Qc6+ Kd8 26. c3 1/2-1/2